000 00501nam a2200193 a 4500
001 1770285651988
003 YourLibrary
005 20260205153741.0
008 260205s1997##################000#0#eng##
020 _a9780875846538
082 0 4 _a332.632
_bSMI
100 1 _aSmith, Roy C.,
_eauthor.
245 1 0 _aStreet Smarts :
260 _bHarvard Business Press,
_c1997.
300 _a351 pages
650 0 _aBusiness & Economics.
942 _cENGLISH
040 _aYourLibrary
_beng
_cYourLibrary
999 _c610393
_d610393